Modern Business Management / (Record no. 1094)

MARC details
000 -LEADER
Fixed length control field 00506nam a2200181 4500
003 - CONTROL NUMBER IDENTIFIER
Control field SEACOMMC
005 - DATE AND TIME OF LATEST TRANSACTION
Control field 20250505114209.0
008 - FIXED-LENGTH DATA ELEMENTS--GENERAL INFORMATION
Fixed length control field 250221b |||||||| |||| 00| 0 eng d
020 ## - INTERNATIONAL STANDARD BOOK NUMBER / ISBN
International Standard Book Number 81-88133-50-7.
Price Rs.200.00
040 ## - CATALOGING SOURCE
Original cataloging agency SEACOMMC
082 ## - DEWEY DECIMAL CLASSIFICATION NUMBER
Classification number 658.11
Book Number G 197
100 ## - MAIN ENTRY--PERSONAL NAME
Personal name Gangopadhyay, P.L.
245 1# - TITLE STATEMENT
Title Modern Business Management /
Statement of responsibility P.L. Gangopadhyay and Ritwik Haldar
250 ## - EDITION STATEMENT
Edition statement 2nd ed.
260 ## - IMPRINT
Place of publication Kolkata
Name of publisher Dey Book Concern
Date of publication 2005
650 ## - SUBJECT ADDED ENTRY--TOPICAL TERM
Topical term Business Management
942 ## - ADDED ENTRY ELEMENTS (KOHA)
Koha item type Books
Holdings
Withdrawn status Lost status Source of classification Damaged status Not for loan Home library Current library Shelving location Date acquired Total Checkouts Call number Accession number Date last seen Price effective from Koha item type Copy number
    Dewey Decimal Classification     SEACOM MANAGEMENT COLLEGE SEACOM MANAGEMENT COLLEGE Reference 15/11/2008   658.11 G 197 M-2201 21/02/2025 21/02/2025 Reference Books  
    Dewey Decimal Classification     SEACOM MANAGEMENT COLLEGE SEACOM MANAGEMENT COLLEGE   15/11/2008   658.11 G 197 M-2202 21/02/2025 21/02/2025 Books 1
    Dewey Decimal Classification     SEACOM MANAGEMENT COLLEGE SEACOM MANAGEMENT COLLEGE   15/11/2008   658.11 G 197 M-2203 21/02/2025 21/02/2025 Books 2
    Dewey Decimal Classification     SEACOM MANAGEMENT COLLEGE SEACOM MANAGEMENT COLLEGE   15/11/2008   658.11 G 197 M-2204 21/02/2025 21/02/2025 Books 3
    Dewey Decimal Classification     SEACOM MANAGEMENT COLLEGE SEACOM MANAGEMENT COLLEGE   15/11/2008   658.11 G 197 M-2205 21/02/2025 21/02/2025 Books 4
    Dewey Decimal Classification     SEACOM MANAGEMENT COLLEGE SEACOM MANAGEMENT COLLEGE   15/11/2008   658.11 G 197 M-2206 21/02/2025 21/02/2025 Books 5
    Dewey Decimal Classification     SEACOM MANAGEMENT COLLEGE SEACOM MANAGEMENT COLLEGE   15/11/2008   658.11 G 197 M-2207 21/02/2025 21/02/2025 Books 6
    Dewey Decimal Classification     SEACOM MANAGEMENT COLLEGE SEACOM MANAGEMENT COLLEGE   15/11/2008   658.11 G 197 M-2208 21/02/2025 21/02/2025 Books 7
    Dewey Decimal Classification     SEACOM MANAGEMENT COLLEGE SEACOM MANAGEMENT COLLEGE   15/11/2008   658.11 G 197 M-2209 21/02/2025 21/02/2025 Books 8
    Dewey Decimal Classification     SEACOM MANAGEMENT COLLEGE SEACOM MANAGEMENT COLLEGE   15/11/2008   658.11 G 197 M-2210 21/02/2025 21/02/2025 Books 9
© Seacom Engineering College, All rights reserved.    Powered by Koha